Proletarización del indígena Bocatoreño. Relación entre el indio Guaymie y la bananera

में बचाया:
ग्रंथसूची विवरण
मुख्य लेखक: Cabarrus, Carlos Rafael
स्वरूप: मूलपाठ
प्रकाशित: San José: ACAS-CEDAL
टैग: टैग जोड़ें
कोई टैग नहीं, इस रिकॉर्ड को टैग करने वाले पहले व्यक्ति बनें!

MARC

LEADER 00000 a a2200000 04500
001 17595
003
040 |a CRAI/IIS  |c CRAI/IIS 
090 |a 002900  
100 |a Cabarrus, Carlos Rafael  
245 |a Proletarización del indígena Bocatoreño. Relación entre el indio Guaymie y la bananera  
260 |a San José:   |b ACAS-CEDAL  
300 |a 16 p.  
999 |c 12670  |d 12670